| Поле | Название | Значение |
| |
Тип записи |
i |
| |
Библиографический уровень |
m |
| 001 |
Контрольный номер |
RU/IS/BASE/423228808 |
| 005 |
Дата корректировки |
20201206204852.3 |
| 010 |
Индекс ISBN |
__ |
| d |
Цена |
264-32 |
| 101 |
Язык документа |
0_ |
| a |
Язык текста |
rus |
| c |
Язык оригинала |
eng |
| 200 |
Заглавие и сведения об ответственности |
1_ |
| a |
Заглавие |
Звездный десант |
| e |
Сведения, относящиеся к заглавию |
[аудиокнига : фантаст. роман : 16+] |
| f |
Первые сведения об ответственности |
Роберт Ханлайн ; [текст читает Кирилл Петров] |
| b |
Общее обозначение материала |
Звукозапись |
| 210 |
Выходные данные |
__ |
| a |
Место издания |
М. |
| c |
Издательство |
ЭКСМО-Сидиком |
| c |
Издательство |
Sound time |
| d |
Дата издания |
2008 |
| 215 |
Физическое описание |
__ |
| a |
Объем |
1 электрон. опт. диск (Audio CD) (10 ч. 12 мин.) |
| 300 |
Общие примечания |
__ |
| a |
Общие примечания |
MP3 ; 128 кБит/сек ; 44,1 кГц ; CD, VCD, DVD аппаратуре со встроенным декодером МР3 |
| 323 |
Примечание о главных создателях, исполнителях, участниках |
__ |
| a |
Примечание о главных создателях, исполнителях, участниках |
Петров, К. (читает) |
| 330 |
Аннотация |
__ |
| a |
Аннотация |
Страшная опасность нависла над человечеством. Гибель Буэнос-Айреса, атакованного из космоса, потрясла землян и заставила их активизировать войну с Клендату, планетой, населенной багами - гигантскими разумными членистоногими, которые своей психологией, уровнем организации и экономическим устройством напоминают термитов. Первый же десант на враждебную планету показал, что воины-баги - искусные солдаты, управляемые неким «мозговым центром». Людям приходится срочно разрабатывать новые методы и тактику борьбы, чтобы выиграть войну. |
| 333 |
Примечание о целевом назначении |
__ |
| a |
Примечание о целевом назначении |
16+. Для детей старше 16 лет |
| 606 |
Тематические рубрики |
__ |
| a |
Основная рубрика |
Художественная литература |
| z |
Хронологическая подрубрика |
20 в. |
| 606 |
Тематические рубрики |
__ |
| a |
Основная рубрика |
Литература Америки (произведения) |
| 610 |
Ключевые слова |
__ |
| a |
Ключевые слова |
романы; зарубежная литература; фантастические романы; иностранная литература; американская литература; фантастика; тема человечества; тема космических войн |
| 686 |
Индексы других классификаций |
__ |
| a |
Классификационный индекс |
84(7Сое)6-445я04 |
| 700 |
Автор |
_1 |
| a |
Фамилия |
Хайнлайн |
| b |
Имя |
Р. |
| g |
Полное личное имя |
Роберт |
| 4 |
Код отношения |
070 |
| 801 |
Источник записи |
_0 |
| a |
Страна |
RU |
| b |
Организация |
Муниципальное бюджетное учреждение культуры "Централизованная библиотечная система" г. Сургут (Центральная городская библиотека им. А. С. Пушкина) |
| g |
Правила каталогизации |
КиК/Лукашук |
| 801 |
Источник записи |
_1 |
| a |
Страна |
RU |
| b |
Организация |
Муниципальное бюджетное учреждение культуры "Централизованная библиотечная система" г. Сургут (Центральная городская библиотека им. А. С. Пушкина) |
| g |
Правила каталогизации |
КиК/Лукашук |
| 852 |
Данные о местонахождении |
__ |
| j |
Шифр хранения |
84(7Сое)6-445я04 |
| i |
Авторский знак |
Х 15 |
| 901 |
Тип документа |
__ |
| t |
Тип документа |
0 |
| 903 |
Характеристики (МАРС) |
__ |
| a |
Дата передачи |
20130530 |
| 969 |
Тип издания |
__ |
| a |
Тип издания |
аудиокнига; издание для слепых |
| 990 |
Данные о заказе (DOS) |
__ |
| j |
Количество экземпляров (DOS) |
1 |
| h |
N записи в КСУ для Б/У (DOS) |
201306 |